Countries with Fastest Internet Speed - Statistics

General Stats
  • This quiz has been taken 145 times
  • The average score is 10 of 15
Answer Stats
Hint Answer % Correct
12 United States
97%
3 Japan
89%
1 South Korea
85%
2 Hong Kong
78%
11 Finland
77%
15 Norway
77%
5 Sweden
75%
10 Singapore
72%
4 Switzerland
69%
6 Netherlands
65%
13 Belgium
63%
7 Ireland
63%
14 Israel
39%
8 Latvia
34%
9 Czech Republic
23%
No matching quizzes found
Score Distribution
Percent of People with Each Score
Percentile by Number Answered
Your Score History
You have not taken this quiz